|
|
|
|
| LEADER |
00000nam0a2200000 4500 |
| 001 |
184071 |
| 005 |
20231101223821.0 |
| 035 |
|
|
|a (RuTPU)RU\TPU\book\199551
|
| 090 |
|
|
|a 184071
|
| 100 |
|
|
|a 20100826d1949 km y0rusy50 ca
|
| 101 |
0 |
|
|a rus
|
| 102 |
|
|
|a RU
|
| 105 |
|
|
|a a z 000zy
|
| 200 |
1 |
|
|a Проветривание глухих выработок
|f Всесоюзный научно-исследовательский угольный институт (ВУГИ)
|
| 210 |
|
|
|a Москва
|c Углетехиздат
|d 1949
|
| 215 |
|
|
|a 60 с.
|c ил.
|
| 423 |
|
|
|t Применение вентиляторов "Сирокко" для частичного проветривания на шахтах
|f С. А. Баталин
|
| 423 |
|
|
|t Матерчатые прорезиненные вентиляционные трубы типа М
|f Г. М. Леви
|
| 423 |
|
|
|t Проветривание длинных глухих выработок на шахтах Кузнецкого бассейна
|f С. А. Баталин
|a Баталин, С. А.
|
| 606 |
1 |
|
|a Шахты
|x Проветривание
|2 stltpush
|3 (RuTPU)RU\TPU\subj\19101
|9 44411
|
| 610 |
1 |
|
|a глухие выработки
|
| 610 |
1 |
|
|a Кузнецкий бассейн
|
| 610 |
1 |
|
|a вентиляторы
|
| 610 |
1 |
|
|a вентиляционные трубы
|
| 610 |
1 |
|
|a Коллекция ТПУ
|
| 610 |
1 |
|
|a труды учёных ТПУ
|
| 675 |
|
|
|a 622.45
|v 3
|
| 712 |
0 |
2 |
|a Всесоюзный научно-исследовательский угольный институт (ВУГИ)
|c (Панки, с. Московская область)
|2 stltpush
|3 (RuTPU)RU\TPU\col\15803
|
| 801 |
|
1 |
|a RU
|b 63413507
|c 20100826
|
| 801 |
|
2 |
|a RU
|b 63413507
|c 20210125
|g RCR
|
| 942 |
|
|
|c BK
|